| 000 | 00452nam a22001457a 4500 | ||
|---|---|---|---|
| 020 | _a9789699837050 | ||
| 082 | _a954.92 AFR | ||
| 100 |
_aAffrasiab _969535 |
||
| 245 | _a1971 fact and fiction views and perception pakistan india and bangladesh | ||
| 250 | _a4th | ||
| 260 |
_aIslamabad _bKhursheed Printer _c2016 |
||
| 300 | _avi,632 P | ||
| 650 |
_a1971 Fact and Fiction Views and perceptions in Pakistan, India and Bangladesh _969536 |
||
| 942 | _cBK | ||
| 999 |
_c576776 _d576776 |
||